| 000 | aam a22 a 4500 | ||
|---|---|---|---|
| 999 |
_c1515 _d1515 |
||
| 003 | AKMAL | ||
| 005 | 20170509164321.0 | ||
| 008 | 170509s1973 us 00 eng d | ||
| 020 | _a0226356442 | ||
| 040 | _aAKMAL | ||
| 082 | 0 | 4 | _a301.42 HUB |
| 090 |
_a301.42 _bHUB |
||
| 245 | 0 | 0 |
_aChanging women in a changing society / _cedited by Joan Huber |
| 260 |
_aChicago : _bUniversity of Chicago Press, _c1973 |
||
| 300 | 0 | 0 |
_a295p. ; _c24cm |
| 650 | 0 |
_aWomen _xHistory and condition of women _xAddresses, essays, lectures _93025 |
|
| 650 | 0 |
_aWomen's liberation movement _xAddresses, essays, lectures _93026 |
|
| 650 | 0 |
_aWomen in the United States _xAddresses, essays, lectures _93027 |
|
| 700 | 1 |
_aHuber, Joan, _eed. _93028 |
|
| 942 |
_2ddc _cBOOK |
||